Postihnutie perikardu pri reumatoidnej artritíde ; M. Zatkalík, Š. Siťaj, Š. Kopecký, V. Švec

Bibliographic Details
Main Authors: Zatkalík, M. (Author), Siťaj, Štefan, 1911-1990 (Author), Kopecký, Štefan, 1926-2019 (Author), Švec, V. (Author)
Format: Article
Language:Slovak
PhysicalDescription:Tb. 3. Res. rus., angl., lit. 30 zázn. v angl., nem., ruš.
Subjects:

MARC

LEADER 00000nab a2200000 a 4500
001 vtls000176409
003 SK-MaSNL
005 20260303174636.0
008 220422c1984 xo 0 slo
015 |a SNBRB19rr/mm-uuuuu 
035 |a CL0186522 
040 |a SNKBUCL  |b slo  |c SNKBUCL  |e AACR2 
041 0 |a slo 
044 |a xo  |c SK 
080 |a 616.72-002.77  |2 1981 
080 |a 616.11  |2 1981 
245 0 0 |a Postihnutie perikardu pri reumatoidnej artritíde ; M. Zatkalík, Š. Siťaj, Š. Kopecký, V. Švec 
300 |b Tb. 3. Res. rus., angl., lit. 30 zázn. v angl., nem., ruš. 
650 0 7 |a reumatoidná artritída  |2 snkbucl  |9 28588 
650 0 7 |a perikarditída  |2 snkbucl  |9 1202391 
655 7 |a články z novín a časopisov  |2 snkbucl  |9 267496 
700 1 |a Zatkalík, M.  |4 aut  |9 923987 
700 1 |a Siťaj, Štefan,  |d 1911-1990  |4 aut  |9 150369 
700 1 |a Kopecký, Štefan,  |d 1926-2019  |4 aut  |9 207109 
700 1 |a Švec, V.  |4 aut  |9 559431 
773 0 |t Fysiatrický a revmatologický věstník  |g Roč. 62, č. 1 (1984), s. 1-6 
850 |a Slovenská národná knižnica v Martine  |a MTA001 
852 |a SNK  |b KIS3GCP 
958 |a NB 
958 |a RK 
958 |a ME 
992 |a RBX 
999 |c 2097828  |d 2099758